000 00631nam a22001937a 4500
999 _c18920
_d18920
008 210429b xxu||||| |||| 00| 0 eng d
020 _a0470534892
050 _aHF5681
_b.M37 2011 c.1
100 _aMard, Michael J.
245 _aValuation for financial reporting
_bfair value, business combinations, intangible assets, goodwill, and impairment analysis
_cMichael J. Mard
250 _a3rd ed.
260 _aHoboken
_bJohn Wiley
_c2011
300 _axvii, 280p.
650 _aIntangible Property
_vaccounting
650 _aGoodwill
_vcommerce
700 _aJames R. Hitchner
700 _aSteven D. Hyden
942 _2lcc
_cBK